| 000 | 01235nam a22002777a 4500 | ||
|---|---|---|---|
| 001 | 8660 | ||
| 003 | FISKH | ||
| 005 | 20260422144553.0 | ||
| 008 | 251008b cb ||||| |||| 00| 0 eng d | ||
| 040 |
_aFISKH _bkhr _cFISKH _dFISKH |
||
| 050 | _aPZ7 | ||
| 082 | _a398.2 | ||
| 100 | _aMinistry of Education, Youth and Sports | ||
| 245 |
_aខ្ញុំចង់ក្លាយជា / _cក្រសួងអប់រំ យុវជន និងកីឡា |
||
| 260 |
_aPhnom Penh : _bកិច្ចសហប្រតិបត្តិការអភិវឌ្ឍន៍ប៊ែលហ្ស៊ិក , |
||
| 300 |
_a16 pages : _bcolor illustrations ; _c25 cm . |
||
| 505 | _aM | ||
| 520 | _aក្មេងស្រីពីរនាក់កំពុងនិយាយអំពីអត្ថប្រយោជន៍ និងគុណវិបត្តិនៃការកើតជាសត្វ។ | ||
| 520 | _aTwo girls was talking about advantage and disadvantage of being the animals. | ||
| 521 | 8 |
_a530
_bLexile estimate |
|
| 521 | 8 |
_aM
_bRaz-Plus |
|
| 650 | _aខ្ញុំចង់ក្លាយជា | ||
| 650 | _aI would like to become | ||
| 942 |
_2ddc _cKHB _n0 |
||
| 999 |
_c8660 _d8660 |
||